LEADER 01232nam--2200409---450- 001 990002152280203316 005 20090324120051.0 035 $a000215228 035 $aUSA01000215228 035 $a(ALEPH)000215228USA01 035 $a000215228 100 $a20041108d1979----km-y0itay0103----ba 101 0 $aita 102 $aIT 105 $a||||||||001yy 200 1 $aEconomia internazionale$eteoria e prassi$e[atti della XVIII Riunione scientifica della Società italiana degli economisti tenuta a Roma nel 1977] 210 $aMilano$cGiuffrè$d1979 215 $a314 p.$d24 cm 410 0$12001 454 1$12001 461 1$1001-------$12001 712 02$aSocietà italiana degli economisti 801 0$aIT$bsalbc$gISBD 912 $a990002152280203316 951 $a337 ECO 1 (IEP III 333)$b53054 E.C.$cIEP III$d00188559 951 $a300 337 ECO$b539 DISES 959 $aBK 969 $aECO 969 $aDISES 979 $aSIAV5$b10$c20041108$lUSA01$h1754 979 $aRSIAV5$b90$c20090324$lUSA01$h1200 979 $c20121027$lUSA01$h1551 979 $c20121027$lUSA01$h1603 979 $c20121027$lUSA01$h1611 996 $aEconomia internazionale$9465896 997 $aUNISA DEB $aUSA20652 LEADER 04079nam 22006855 450 001 9910255030403321 005 20200706094540.0 010 $a3-319-29625-6 024 7 $a10.1007/978-3-319-29625-8 035 $a(CKB)3710000001410451 035 $a(DE-He213)978-3-319-29625-8 035 $a(MiAaPQ)EBC4882121 035 $a(EXLCZ)993710000001410451 100 $a20170620d2017 u| 0 101 0 $aeng 135 $aurnn|008mamaa 181 $ctxt$2rdacontent 182 $cc$2rdamedia 183 $acr$2rdacarrier 200 10$aUnderstanding China Today $eAn Exploration of Politics, Economics, Society, and International Relations /$fedited by Silvio Beretta, Axel Berkofsky, Lihong Zhang 205 $a1st ed. 2017. 210 1$aCham :$cSpringer International Publishing :$cImprint: Springer,$d2017. 215 $a1 online resource (XVII, 357 p. 8 illus.) 225 1 $aUnderstanding China,$x2196-3134 311 $a3-319-29624-8 327 $aPart 1 China in World Politics -- Part 2 China in the International Economy -- Part 3 Chinese Politics and Culture -- Part 4 Italian Views on China. 330 $aThis book covers numerous areas and aspects of Chinese domestic and external politics and policies, the Chinese economy, Chinese society and culture, and Chinese literature and history. It is divided into four sections, the first of which focuses on China?s place in world politics, including its relations with the European Union, Russia, India, Japan, the United States, and Africa. The second section among others addresses issues and areas related to China?s role in and impact on the international economy, the strategies and positioning of Chinese multinational companies investing in Europe, the problems and challenges of China's banking and financial systems and China's foreign economic strategies. The final two sections are devoted to Chinese politics and society, and Italian views on Chinese culture, language, and literature. The volume is multidisciplinary in nature, with contributions from experts of politics, economics, history, law, literature, gender studies, and the media. It will appeal to a wide range of China scholars and analysts as well as to all who have an interest in international relations, Chinese politics, the Chinese economy, and Chinese society, culture, literature, and history. 410 0$aUnderstanding China,$x2196-3134 606 $aAsia?Economic conditions 606 $aAsia?Politics and government 606 $aEthnology?Asia 606 $aOriental literature 606 $aChina?History 606 $aEconomic policy 606 $aAsian Economics$3https://scigraph.springernature.com/ontologies/product-market-codes/W45010 606 $aAsian Politics$3https://scigraph.springernature.com/ontologies/product-market-codes/911110 606 $aAsian Culture$3https://scigraph.springernature.com/ontologies/product-market-codes/411040 606 $aAsian Literature$3https://scigraph.springernature.com/ontologies/product-market-codes/831000 606 $aHistory of China$3https://scigraph.springernature.com/ontologies/product-market-codes/715010 606 $aEconomic Policy$3https://scigraph.springernature.com/ontologies/product-market-codes/W34010 615 0$aAsia?Economic conditions. 615 0$aAsia?Politics and government. 615 0$aEthnology?Asia. 615 0$aOriental literature. 615 0$aChina?History. 615 0$aEconomic policy. 615 14$aAsian Economics. 615 24$aAsian Politics. 615 24$aAsian Culture. 615 24$aAsian Literature. 615 24$aHistory of China. 615 24$aEconomic Policy. 676 $a330.0095 702 $aBeretta$b Silvio$4edt$4http://id.loc.gov/vocabulary/relators/edt 702 $aBerkofsky$b Axel$4edt$4http://id.loc.gov/vocabulary/relators/edt 702 $aZhang$b Lihong$4edt$4http://id.loc.gov/vocabulary/relators/edt 906 $aBOOK 912 $a9910255030403321 996 $aUnderstanding China Today$92263605 997 $aUNINA